00536 a2200157 4500010001400000020002300014035001300037037001600050082001000066100001600076245011500092260005400207270006700261300002900328500002100357 aENG-89694 a8121511739c600.00 aEN-73227 bDBAD / PUB14a233.11 aSarma, S.A.1 aTamil siddhas:ba study from historical, socio-cultural and religio-philosophical perspectives/cby S.A. Sarma aNew DelhibMunshiram Manoharlal Publishersc2007 aPost Box 5715, 54 Rani Jhansi Road,bNew DelhicDelhie110055 a177p.:billc25 cm ( Hb) aIncludes index